[Event "European Team-ch 2007 Femenino"]
[Site "Creta GRE"]
[Date "2007.10.30"]
[Round "3.14"]
[White "Franciskovic, Borka"]
[Black "Fomina, Tatyana"]
[Result "1-0"]
[WhiteElo "2227"]
[BlackElo "2248"]
[PlyCount "139"]
[EventDate "2007.10.28"]
[EventType "team"]
[EventRounds "9"]
[EventCountry "GRE"]
[Source "lmi"]
[SourceDate "2007.10.28"]
[WhiteTeam "Croatia"]
[BlackTeam "Estonia"]
[WhiteTeamCountry "CRO"]
[BlackTeamCountry "EST"]

1. c4 f5 2. g3 Nf6 3. Nc3 e5 4. Bg2 Bb4 5. d3 O-O 6. Bd2 Nc6 7. Nf3 d6 8. O-O
Kh8 9. Nd5 Bxd2 10. Nxd2 Ne7 11. Nxe7 Qxe7 12. b4 Bd7 13. Bxb7 Rab8 14. Bg2
Rxb4 15. Rb1 Rb6 16. Qc1 e4 17. e3 exd3 18. Qa3 Ne4 19. Qxd3 Bc6 20. Nxe4 fxe4
21. Qd1 Qf6 22. Qd2 Rfb8 23. Qc2 Rb2 24. Bxe4 g6 25. Qd3 Bd7 26. Qd4 Qxd4 27.
exd4 Kg7 28. h4 Kf6 29. Rxb2 Rxb2 30. Rb1 Rxa2 31. Rb7 Bf5 32. Bxf5 Kxf5 33.
Rxc7 a5 34. Rxh7 a4 35. c5 dxc5 36. dxc5 a3 37. Kg2 Rc2 38. Ra7 a2 39. c6 Ke6
40. c7 Kd7 41. g4 Rxc7 42. Rxa2 Ke6 43. Ra6+ Kf7 44. Kg3 Kg7 45. f3 Rb7 46. Ra5
Kh6 47. h5 g5 48. Ra6+ Kh7 49. Rg6 Rb5 50. Rf6 Rb2 51. Rd6 Ra2 52. Rg6 Ra5 53.
Kf2 Re5 54. f4 gxf4 55. Kf3 Ra5 56. Kxf4 Rb5 57. Re6 Ra5 58. Re5 Ra7 59. g5
Rf7+ 60. Kg4 Ra7 61. h6 Ra1 62. Re7+ Kh8 63. Kh5 Ra5 64. Kg6 Ra8 65. Kf6 Rf8+
66. Rf7 Ra8 67. g6 Kg8 68. h7+ Kh8 69. Kg5 Ra5+ 70. Rf5 1-0

[Event "European Team-ch 2007 Femenino"]
[Site "Creta GRE"]
[Date "2007.10.30"]
[Round "3.14"]
[White "Narva, Regina"]
[Black "Sargac, Rajna"]
[Result "1/2-1/2"]
[WhiteElo "2067"]
[BlackElo "2170"]
[PlyCount "57"]
[EventDate "2007.10.28"]
[EventType "team"]
[EventRounds "9"]
[EventCountry "GRE"]
[Source "lmi"]
[SourceDate "2007.10.28"]
[WhiteTeam "Estonia"]
[BlackTeam "Croatia"]
[WhiteTeamCountry "EST"]
[BlackTeamCountry "CRO"]

1. e4 c5 2. Nf3 Nc6 3. d4 cxd4 4. Nxd4 Nf6 5. Nc3 e5 6. Ndb5 d6 7. a4 Bg4 8. f3
Be6 9. Be2 a6 10. Na3 d5 11. exd5 Nxd5 12. Nxd5 Bxd5 13. O-O Bc5+ 14. Kh1 O-O
15. c3 Be6 16. Qe1 f5 17. b4 Bb6 18. Nc4 Bc7 19. Be3 Qf6 20. Nb6 Rad8 21. b5
axb5 22. axb5 Nd4 23. cxd4 exd4 24. Qc1 Bxb6 25. Bg5 Qf7 26. Bxd8 Rxd8 27. Bd3
Rc8 28. Qd2 h6 29. Rfc1 1/2-1/2

[Event "European Team-ch 2007 Femenino"]
[Site "Creta GRE"]
[Date "2007.10.30"]
[Round "3.14"]
[White "Solic, Kristina"]
[Black "Bashkite, Viktoria"]
[Result "0-1"]
[WhiteElo "2148"]
[BlackElo "2188"]
[PlyCount "136"]
[EventDate "2007.10.28"]
[EventType "team"]
[EventRounds "9"]
[EventCountry "GRE"]
[Source "lmi"]
[SourceDate "2007.10.28"]
[WhiteTeam "Croatia"]
[BlackTeam "Estonia"]
[WhiteTeamCountry "CRO"]
[BlackTeamCountry "EST"]

1. e4 d6 2. d4 Nf6 3. f3 c6 4. c4 e5 5. Ne2 Be7 6. Nbc3 O-O 7. Be3 Nbd7 8. d5
c5 9. Ng3 Ne8 10. Qd2 Nb6 11. Bd3 Bd7 12. O-O h6 13. a3 Rc8 14. Nce2 Bg5 15. f4
exf4 16. Nxf4 Nf6 17. h3 Rc7 18. Nfh5 Nxh5 19. Nxh5 Bxe3+ 20. Qxe3 Qg5 21. Qxg5
hxg5 22. Rae1 f6 23. b3 Be8 24. Ng3 g6 25. Be2 Nd7 26. Bg4 Ne5 27. Be6+ Kg7 28.
a4 b6 29. Ne2 a6 30. Nc3 Bd7 31. Bxd7 Rxd7 32. Rd1 Rh8 33. Rd2 Rf7 34. Ra2 Rb8
35. Rd2 Kf8 36. g3 Ke7 37. Kg2 Rh7 38. g4 Rbh8 39. Rh1 Nxg4 40. a5 Ne3+ 41. Kg3
Nf1+ 42. Rxf1 Rxh3+ 43. Kf2 Rxc3 44. Kg2 bxa5 45. Ra1 Rch3 46. Rda2 Rh2+ 47.
Kg1 Rh1+ 48. Kg2 R8h2+ 49. Kg3 Rh3+ 50. Kg2 R1h2+ 51. Kg1 Rxa2 52. Rxa2 Rxb3
53. Rxa5 Rb6 54. Kf2 f5 55. e5 dxe5 56. Rxc5 Rd6 57. Rc7+ Kf6 58. Rh7 g4 59.
Rh1 f4 60. Rd1 e4 61. c5 Rd8 62. c6 Ke7 63. c7 Rc8 64. d6+ Kd7 65. Rd4 e3+ 66.
Ke2 g5 67. Rd5 Rg8 68. Rd4 Re8 0-1

[Event "European Team-ch 2007 Femenino"]
[Site "Creta GRE"]
[Date "2007.10.31"]
[Round "4.1"]
[White "Kosintseva, Tatiana"]
[Black "Hoang, Thanh Trang"]
[Result "1/2-1/2"]
[WhiteElo "2492"]
[BlackElo "2466"]
[PlyCount "76"]
[EventDate "2007.10.28"]
[EventType "team"]
[EventRounds "9"]
[EventCountry "GRE"]
[Source "lmi"]
[SourceDate "2007.10.28"]
[WhiteTeam "Russia"]
[BlackTeam "Hungary"]
[WhiteTeamCountry "RUS"]
[BlackTeamCountry "HUN"]

1. e4 e6 2. d4 d5 3. Nc3 dxe4 4. Nxe4 Nd7 5. Nf3 Ngf6 6. Nxf6+ Nxf6 7. c3 c5 8.
Ne5 a6 9. Be3 cxd4 10. Bxd4 Bd6 11. Bd3 O-O 12. O-O Qc7 13. Re1 Bc5 14. Bxc5
Qxc5 15. Qf3 Rb8 16. a4 Bd7 17. a5 Rfd8 18. b4 Qc7 19. Bf1 Bb5 20. c4 Bc6 21.
Qe3 Qd6 22. Nxc6 bxc6 23. c5 Qe7 24. Bxa6 Nd5 25. Qe5 Rxb4 26. Rec1 Qc7 27.
Qxc7 Nxc7 28. Be2 Kf8 29. Rcb1 Rxb1+ 30. Rxb1 Rd2 31. Bf1 Ke7 32. a6 Ra2 33.
Rb7 Kd7 34. g3 Ra5 35. a7 Kc8 36. Rb8+ Kd7 37. Rb7 Kc8 38. Rb8+ Kd7 1/2-1/2

[Event "European Team-ch 2007 Femenino"]
[Site "Creta GRE"]
[Date "2007.10.31"]
[Round "4.1"]
[White "Vajda, Szidonia"]
[Black "Kosintseva, Nadezhda"]
[Result "1/2-1/2"]
[WhiteElo "2407"]
[BlackElo "2469"]
[PlyCount "140"]
[EventDate "2007.10.28"]
[EventType "team"]
[EventRounds "9"]
[EventCountry "GRE"]
[Source "lmi"]
[SourceDate "2007.10.28"]
[WhiteTeam "Hungary"]
[BlackTeam "Russia"]
[WhiteTeamCountry "HUN"]
[BlackTeamCountry "RUS"]

1. e4 c5 2. Nf3 Nc6 3. d4 cxd4 4. Nxd4 Nf6 5. Nc3 d6 6. g3 g6 7. Nde2 Bg7 8.
Bg2 O-O 9. O-O Bd7 10. Nd5 Nxd5 11. exd5 Ne5 12. Nd4 Qc8 13. Re1 Bg4 14. f3 Bh3
15. c3 Re8 16. Bf4 Bxg2 17. Kxg2 Qc4 18. Bxe5 Bxe5 19. Qb3 Rac8 20. Qxc4 Rxc4
21. Nb3 Rec8 22. a3 Ra4 23. Rad1 f5 24. Nc1 Ra5 25. Nd3 Bf6 26. Nf4 Rb5 27. Re2
a5 28. Ne6 Rc4 29. h3 h5 30. g4 fxg4 31. hxg4 hxg4 32. f4 Rb3 33. Rh1 b5 34.
Rh6 b4 35. axb4 axb4 36. Rxg6+ Kf7 37. Rxg4 bxc3 38. bxc3 Rbxc3 39. Nd8+ Kf8
40. Ne6+ Kf7 41. Nd8+ Ke8 42. Rg8+ Kd7 43. Ne6 Rc8 44. Nf8+ Ke8 45. Ne6+ Kf7
46. Rxc8 Rxc8 47. Kf3 Kg6 48. Kg4 Rh8 49. Ng5 Rh1 50. Ne4 Rg1+ 51. Kf3 Rd1 52.
Rg2+ Kf7 53. Rd2 Ra1 54. Kg4 Kg6 55. Rg2 Ra3 56. Rg3 Ra4 57. Nxf6 Kxf6 58. Rh3
Rd4 59. Rh5 Rd1 60. Rf5+ Kg6 61. Rg5+ Kf7 62. Rf5+ Ke8 63. Kf3 Kd7 64. Rh5 Rd4
65. Ke3 Ra4 66. Kf3 Rb4 67. Rg5 Ke8 68. Rf5 Rb5 69. Ke4 Rb4+ 70. Kf3 Rb5
1/2-1/2

[Event "European Team-ch 2007 Femenino"]
[Site "Creta GRE"]
[Date "2007.10.31"]
[Round "4.1"]
[White "Gara, Anita"]
[Black "Korbut, Ekaterina"]
[Result "1/2-1/2"]
[WhiteElo "2315"]
[BlackElo "2443"]
[PlyCount "147"]
[EventDate "2007.10.28"]
[EventType "team"]
[EventRounds "9"]
[EventCountry "GRE"]
[Source "lmi"]
[SourceDate "2007.10.28"]
[WhiteTeam "Hungary"]
[BlackTeam "Russia"]
[WhiteTeamCountry "HUN"]
[BlackTeamCountry "RUS"]

1. e4 c5 2. Nf3 Nc6 3. Nc3 d6 4. d4 cxd4 5. Nxd4 Nf6 6. Bg5 e6 7. Qd2 Qb6 8.
Bxf6 gxf6 9. Nb3 Bd7 10. O-O-O O-O-O 11. f4 h5 12. Be2 Be7 13. Rhf1 Rdg8 14.
Bf3 Kb8 15. Kb1 h4 16. h3 Na5 17. Nxa5 Qxa5 18. Qe1 Rc8 19. Rd3 Rc7 20. Rf2 Bb5
21. Re3 Bc4 22. b3 Ba6 23. Na4 Qxe1+ 24. Rxe1 Rhc8 25. Nb2 d5 26. exd5 Bc5 27.
Rfe2 Bxe2 28. Rxe2 exd5 29. Bxd5 Bd6 30. Nd3 Ba3 31. c4 Rd8 32. f5 b5 33. Re4
Rxd5 34. cxd5 Rc3 35. Rd4 Kc7 36. d6+ Kd8 37. d7 a6 38. Rd5 Rc7 39. b4 Rc4 40.
Rd6 a5 41. Rxf6 axb4 42. Rxf7 Rc3 43. Nb2 Re3 44. Nd1 Re1 45. Kc2 Re2+ 46. Kd3
Rxa2 47. Rf8+ Kxd7 48. Rb8 Rxg2 49. Rxb5 Rg3+ 50. Ke4 Rxh3 51. Ne3 Rg3 52. f6
h3 53. f7 b3 54. Nf1 Rc3 55. Nd2 Ke7 56. Nxb3 h2 57. Rh5 Bd6 58. Kd5 Rd3+ 59.
Nd4 Bb8 60. Ke4 Rd1 61. Nc6+ Kxf7 62. Nxb8 h1=Q+ 63. Rxh1 Rxh1 64. Nc6 Ke6 65.
Nd4+ Kd6 66. Nf5+ Kc5 67. Ne3 Rh4+ 68. Kd3 Rd4+ 69. Kc3 Rd8 70. Nc4 Kd5 71. Kd3
Rh8 72. Ne3+ Kc5 73. Ke4 Rh4+ 74. Ke5 1/2-1/2

[Event "European Team-ch 2007 Femenino"]
[Site "Creta GRE"]
[Date "2007.10.31"]
[Round "4.2"]
[White "Socko, Monika"]
[Black "Skripchenko, Almira"]
[Result "1-0"]
[WhiteElo "2473"]
[BlackElo "2438"]
[PlyCount "71"]
[EventDate "2007.10.28"]
[EventType "team"]
[EventRounds "9"]
[EventCountry "GRE"]
[Source "lmi"]
[SourceDate "2007.10.28"]
[WhiteTeam "Poland"]
[BlackTeam "France"]
[WhiteTeamCountry "POL"]
[BlackTeamCountry "FRA"]

1. d4 Nf6 2. c4 e6 3. Nc3 Bb4 4. Qc2 Nc6 5. Nf3 d6 6. e3 O-O 7. Bd2 Qe7 8. a3
Bxc3 9. Bxc3 e5 10. dxe5 dxe5 11. b4 Bg4 12. Qb2 Nd7 13. Be2 f6 14. Rd1 Rad8
15. h3 Bh5 16. O-O Rfe8 17. Nxe5 Bxe2 18. Nxc6 Qe4 19. Qxe2 Qxc6 20. Rd4 Ne5
21. Rfd1 Rxd4 22. Rxd4 b5 23. c5 a6 24. Qd1 h6 25. Qc2 Rf8 26. Qf5 a5 27. Rf4
Re8 28. Qe4 axb4 29. axb4 Qd7 30. Qc2 Qc6 31. Bxe5 Rxe5 32. Rd4 f5 33. Qd3 Kh7
34. Rd7 Re4 35. f3 Re5 36. Qd4 1-0

[Event "European Team-ch 2007 Femenino"]
[Site "Creta GRE"]
[Date "2007.10.31"]
[Round "4.2"]
[White "Collas, Silvia"]
[Black "Rajlich, Iweta"]
[Result "1/2-1/2"]
[WhiteElo "2408"]
[BlackElo "2411"]
[PlyCount "151"]
[EventDate "2007.10.28"]
[EventType "team"]
[EventRounds "9"]
[EventCountry "GRE"]
[Source "lmi"]
[SourceDate "2007.10.28"]
[WhiteTeam "France"]
[BlackTeam "Poland"]
[WhiteTeamCountry "FRA"]
[BlackTeamCountry "POL"]

1. e4 e6 2. d4 d5 3. Nd2 c5 4. Ngf3 cxd4 5. Nxd4 Nf6 6. Bb5+ Bd7 7. exd5 Nxd5
8. Bd3 Nc6 9. N2f3 Nxd4 10. Nxd4 Qb6 11. Nb3 Qc7 12. c3 Bd6 13. Bd2 Bxh2 14.
Qg4 Be5 15. g3 O-O-O 16. Qe2 Bc6 17. Rh3 h6 18. c4 Nf6 19. O-O-O g5 20. Re1 Nd7
21. Be4 Bg7 22. Ba5 b6 23. Bb4 Ne5 24. g4 Bxe4 25. Qxe4 Nc6 26. Bc3 Bxc3 27.
Rxc3 Qf4+ 28. Qxf4 gxf4 29. Re4 e5 30. a4 Kb7 31. c5 f6 32. Rec4 Rc8 33. Kd1
Rhd8+ 34. Ke2 Nd4+ 35. Nxd4 Rxd4 36. c6+ Kc7 37. Rxd4 exd4 38. Rc4 Rd8 39. Kd3
f3 40. b4 a6 41. b5 axb5 42. axb5 Rd5 43. Rxd4 Rxb5 44. Rf4 Rd5+ 45. Kc4 Rc5+
46. Kb4 Rxc6 47. Rxf3 Re6 48. Rf4 Kd6 49. Rf5 Re4+ 50. Kc3 Ke7 51. f3 Re5 52.
Rf4 Rc5+ 53. Kd3 Rb5 54. Rc4 Kd6 55. Rc8 h5 56. gxh5 Rxh5 57. Rf8 Ke6 58. Re8+
Kd5 59. Rd8+ Kc5 60. Rc8+ Kb5 61. Rf8 Rd5+ 62. Ke4 Rd6 63. Kf5 Kc5 64. Rxf6
Rxf6+ 65. Kxf6 b5 66. f4 b4 67. f5 b3 68. Kg7 b2 69. f6 b1=Q 70. f7 Qg1+ 71.
Kh7 Qf2 72. Kg8 Qg3+ 73. Kh8 Qe5+ 74. Kg8 Qe6 75. Kg7 Qxf7+ 76. Kxf7 1/2-1/2

[Event "European Team-ch 2007 Femenino"]
[Site "Creta GRE"]
[Date "2007.10.31"]
[Round "4.2"]
[White "Leconte, Maria"]
[Black "Przezdziecka, Marta"]
[Result "0-1"]
[WhiteElo "2364"]
[BlackElo "2259"]
[PlyCount "66"]
[EventDate "2007.10.28"]
[EventType "team"]
[EventRounds "9"]
[EventCountry "GRE"]
[Source "lmi"]
[SourceDate "2007.10.28"]
[WhiteTeam "France"]
[BlackTeam "Poland"]
[WhiteTeamCountry "FRA"]
[BlackTeamCountry "POL"]

1. e4 c5 2. Nf3 d6 3. d4 cxd4 4. Nxd4 Nf6 5. Nc3 Nc6 6. g3 g6 7. Nde2 b6 8. Bg2
Bb7 9. Bg5 Bg7 10. Nd5 Nd7 11. c3 h6 12. Be3 e6 13. Ndf4 Nde5 14. b3 O-O 15.
O-O Qe7 16. Nd4 Rac8 17. Re1 Rfd8 18. Rc1 Ba6 19. c4 Nxd4 20. Bxd4 b5 21. cxb5
Bxb5 22. a4 Ba6 23. Qd2 Qb7 24. Bxe5 dxe5 25. Nd5 exd5 26. exd5 Qxb3 27. Rb1
Qc2 28. Qa5 Bd3 29. Rb7 a6 30. d6 Rxd6 31. Bh3 Qc3 32. Qb4 Qxb4 33. Rxb4 Rc4
0-1

[Event "European Team-ch 2007 Femenino"]
[Site "Creta GRE"]
[Date "2007.10.31"]
[Round "4.3"]
[White "Bojkovic, Natasa"]
[Black "Javakhishvili, Lela"]
[Result "1/2-1/2"]
[WhiteElo "2428"]
[BlackElo "2474"]
[PlyCount "40"]
[EventDate "2007.10.28"]
[EventType "team"]
[EventRounds "9"]
[EventCountry "GRE"]
[Source "lmi"]
[SourceDate "2007.10.28"]
[WhiteTeam "SRB"]
[BlackTeam "Georgia"]
[BlackTeamCountry "GEO"]

1. e4 c5 2. Nf3 e6 3. c3 Nf6 4. e5 Nd5 5. d4 cxd4 6. cxd4 d6 7. Bc4 Nb6 8. Bd3
Nc6 9. O-O Nb4 10. Be2 dxe5 11. Nxe5 Bd7 12. Nc3 Bc6 13. a3 N4d5 14. Ne4 Be7
15. Bd2 O-O 16. Rc1 Rc8 17. Nc5 Bg5 18. Bf3 Qe7 19. Re1 Bxd2 20. Qxd2 Rfd8
1/2-1/2

[Event "European Team-ch 2007 Femenino"]
[Site "Creta GRE"]
[Date "2007.10.31"]
[Round "4.3"]
[White "Khurtsidze, Nino"]
[Black "Chelushkina, Irina"]
[Result "1-0"]
[WhiteElo "2450"]
[BlackElo "2351"]
[PlyCount "81"]
[EventDate "2007.10.28"]
[EventType "team"]
[EventRounds "9"]
[EventCountry "GRE"]
[Source "lmi"]
[SourceDate "2007.10.28"]
[WhiteTeam "Georgia"]
[BlackTeam "SRB"]
[WhiteTeamCountry "GEO"]

1. d4 Nf6 2. Nf3 e6 3. e3 b6 4. Bd3 Bb7 5. O-O Be7 6. c4 O-O 7. Nc3 d5 8. cxd5
exd5 9. b3 Ne4 10. Ne2 Nc6 11. Bb2 Bd6 12. Rc1 Ne7 13. Qc2 g6 14. Rfd1 Nf5 15.
Ng3 Nfxg3 16. hxg3 Qe8 17. Ne5 Qe6 18. Bxe4 dxe4 19. d5 Bxd5 20. Rxd5 Qxd5 21.
Ng4 f6 22. Nxf6+ Rxf6 23. Bxf6 Re8 24. Rd1 Qf7 25. Bb2 h5 26. Rd4 Qf5 27. Qc4+
Kf8 28. Rd5 Qe6 29. Qd4 Ke7 30. Ba3 c5 31. Qg7+ Kd8 32. Rg5 Be7 33. Rxg6 Qd5
34. Bb2 h4 35. gxh4 Bd6 36. g3 Rf8 37. Rf6 Re8 38. Qxa7 Bc7 39. Qa6 Rg8 40. Qc4
Qd1+ 41. Kg2 1-0

[Event "European Team-ch 2007 Femenino"]
[Site "Creta GRE"]
[Date "2007.10.31"]
[Round "4.3"]
[White "Benderac, Ana"]
[Black "Dzagnidze, Nana"]
[Result "0-1"]
[WhiteElo "2328"]
[BlackElo "2416"]
[PlyCount "96"]
[EventDate "2007.10.28"]
[EventType "team"]
[EventRounds "9"]
[EventCountry "GRE"]
[Source "lmi"]
[SourceDate "2007.10.28"]
[WhiteTeam "SRB"]
[BlackTeam "Georgia"]
[BlackTeamCountry "GEO"]

1. d4 Nf6 2. Nf3 e6 3. c4 b6 4. g3 Ba6 5. b3 d5 6. Bg2 Bb4+ 7. Bd2 Be7 8. Ne5
c6 9. Bc3 Nfd7 10. Nxd7 Nxd7 11. Nd2 O-O 12. O-O b5 13. e4 bxc4 14. bxc4 Nb6
15. c5 Bxf1 16. Bxf1 Nd7 17. exd5 cxd5 18. Qa4 Bf6 19. Nb3 Qe7 20. Bb4 a5 21.
Ba3 Rfb8 22. Bb5 Rxb5 23. c6 Rb4 24. Bxb4 Qxb4 25. Qxb4 axb4 26. cxd7 Rd8 27.
Rb1 g6 28. Na5 Rxd7 29. Rxb4 Ra7 30. Rb5 Ra6 31. Nb3 Rxa2 32. Rb4 Rb2 33. Rb5
h5 34. h4 Rc2 35. Rb4 Rc4 36. Rxc4 dxc4 37. Na1 Bxd4 38. Nc2 Bc5 39. Kf1 Kg7
40. Ke2 Kf6 41. Ne1 Ke5 42. Nf3+ Kd5 43. Ne1 c3 44. Nd3 Kc4 45. f3 Ba3 46. Ne1
Bd6 47. g4 Bg3 48. Ng2 c2 0-1

[Event "European Team-ch 2007 Femenino"]
[Site "Creta GRE"]
[Date "2007.10.31"]
[Round "4.4"]
[White "Bosboom-Lanchava, Tea"]
[Black "Zhukova, Natalia"]
[Result "1/2-1/2"]
[WhiteElo "2379"]
[BlackElo "2452"]
[PlyCount "108"]
[EventDate "2007.10.28"]
[EventType "team"]
[EventRounds "9"]
[EventCountry "GRE"]
[Source "lmi"]
[SourceDate "2007.10.28"]
[WhiteTeam "Netherlands"]
[BlackTeam "Ukraine"]
[WhiteTeamCountry "NED"]
[BlackTeamCountry "UKR"]

1. d4 e6 2. c4 Nf6 3. Nc3 c5 4. d5 exd5 5. cxd5 d6 6. e4 g6 7. f4 Bg7 8. Bb5+
Bd7 9. e5 Nh5 10. Nf3 O-O 11. O-O Bg4 12. Qe1 a6 13. Be2 Re8 14. h3 Bxf3 15.
Bxf3 dxe5 16. Bxh5 gxh5 17. f5 f6 18. Be3 Nd7 19. Ne4 Bf8 20. Qe2 Qe7 21. Qxh5
Qf7 22. Qg4+ Kh8 23. Rad1 Rac8 24. Qh4 Be7 25. g4 Rg8 26. Kh1 c4 27. Qf2 b5 28.
Kh2 b4 29. d6 Bd8 30. Qd2 c3 31. bxc3 Qc4 32. Qd3 bxc3 33. Qc2 Ba5 34. Rf3 Rb8
35. Bc1 Rgc8 36. g5 Rb2 37. Bxb2 cxb2 38. Qxc4 Rxc4 39. Rb1 Rxe4 40. Rxb2 Rd4
41. Ra3 Bb6 42. Rxa6 Rxd6 43. Kg2 e4 44. a4 e3 45. Kf1 Rd5 46. Rbxb6 Nxb6 47.
Rxb6 Rxf5+ 48. Ke2 fxg5 49. Rb8+ Kg7 50. Rb5 Rf2+ 51. Kxe3 Ra2 52. Rxg5+ Kf6
53. Rh5 Rxa4 54. Rxh7 Kg6 1/2-1/2

[Event "European Team-ch 2007 Femenino"]
[Site "Creta GRE"]
[Date "2007.10.31"]
[Round "4.4"]
[White "Bensdorp, Marlies"]
[Black "Vasilevich, Tatjana"]
[Result "1/2-1/2"]
[WhiteElo "2263"]
[BlackElo "2368"]
[PlyCount "52"]
[EventDate "2007.10.28"]
[EventType "team"]
[EventRounds "9"]
[EventCountry "GRE"]
[Source "lmi"]
[SourceDate "2007.10.28"]
[WhiteTeam "Netherlands"]
[BlackTeam "Ukraine"]
[WhiteTeamCountry "NED"]
[BlackTeamCountry "UKR"]

1. d4 e6 2. c4 Bb4+ 3. Bd2 a5 4. Nf3 Nf6 5. g3 b6 6. Bg2 Bb7 7. O-O Bxd2 8.
Qxd2 d6 9. Nc3 Nbd7 10. Qc2 Qe7 11. Rfd1 O-O 12. Rac1 Rac8 13. a3 c5 14. d5
exd5 15. Nh4 g6 16. Nxd5 Nxd5 17. Bxd5 Bxd5 18. Rxd5 Nf6 19. Rd3 Rfe8 20. Ng2
d5 21. cxd5 Qxe2 22. Ne3 Qh5 23. d6 Rcd8 24. Rcd1 Qh3 25. Nd5 Nxd5 26. Rxd5 Qd7
1/2-1/2

[Event "European Team-ch 2007 Femenino"]
[Site "Creta GRE"]
[Date "2007.10.31"]
[Round "4.5"]
[White "Muzychuk, Anna"]
[Black "Peptan, Corina-Isabela"]
[Result "1/2-1/2"]
[WhiteElo "2469"]
[BlackElo "2405"]
[PlyCount "65"]
[EventDate "2007.10.28"]
[EventType "team"]
[EventRounds "9"]
[EventCountry "GRE"]
[Source "lmi"]
[SourceDate "2007.10.28"]
[WhiteTeam "Slovenija"]
[BlackTeam "Romania"]
[WhiteTeamCountry "SLO"]
[BlackTeamCountry "ROM"]

1. e4 c5 2. Nf3 d6 3. c3 Nf6 4. Bd3 Nc6 5. h3 g6 6. Bc2 Bg7 7. d4 cxd4 8. cxd4
O-O 9. Nc3 Bd7 10. O-O Rc8 11. Bf4 a6 12. Re1 Nh5 13. Bg5 h6 14. Bh4 Nf4 15.
Nd5 Ne6 16. e5 dxe5 17. dxe5 Re8 18. Qd2 g5 19. Bg3 Nf8 20. Rad1 Be6 21. Be4
Bxd5 22. Bxd5 e6 23. Bxc6 Qxd2 24. Rxd2 Rxc6 25. Re4 Rec8 26. h4 gxh4 27. Nxh4
Rc1+ 28. Kh2 R1c2 29. Ree2 Rxd2 30. Rxd2 Kh7 31. f4 Rc5 32. b3 Rc7 33. f5
1/2-1/2

[Event "European Team-ch 2007 Femenino"]
[Site "Creta GRE"]
[Date "2007.10.31"]
[Round "4.5"]
[White "Voicu, Carmen"]
[Black "Krivec, Jana"]
[Result "1-0"]
[WhiteElo "2333"]
[BlackElo "2315"]
[PlyCount "65"]
[EventDate "2007.10.28"]
[EventType "team"]
[EventRounds "9"]
[EventCountry "GRE"]
[Source "lmi"]
[SourceDate "2007.10.28"]
[WhiteTeam "Romania"]
[BlackTeam "Slovenija"]
[WhiteTeamCountry "ROM"]
[BlackTeamCountry "SLO"]

1. e4 e5 2. Nf3 d6 3. d4 exd4 4. Nxd4 Nf6 5. Nc3 Be7 6. Nde2 c6 7. g3 O-O 8.
Bg2 Nbd7 9. a4 a5 10. O-O Nb6 11. Nf4 Qc7 12. b3 Bg4 13. Qd3 Rad8 14. h3 Bc8
15. Re1 Rfe8 16. Bb2 Nbd7 17. Rad1 Nc5 18. Qd2 Bf8 19. Re3 Ne6 20. Nce2 Nd7 21.
c4 Ndc5 22. Qc3 Ng5 23. Nh5 f6 24. Nef4 Ncxe4 25. Qe1 d5 26. cxd5 Bc5 27. Bd4
Bxd4 28. Rxd4 Nd6 29. dxc6 bxc6 30. Rxd6 Rxe3 31. Rxd8+ Qxd8 32. Qxe3 g6 33. h4
1-0

[Event "European Team-ch 2007 Femenino"]
[Site "Creta GRE"]
[Date "2007.10.31"]
[Round "4.5"]
[White "Srebrnic, Ana"]
[Black "Motoc, Alina"]
[Result "1-0"]
[WhiteElo "2278"]
[BlackElo "2300"]
[PlyCount "55"]
[EventDate "2007.10.28"]
[EventType "team"]
[EventRounds "9"]
[EventCountry "GRE"]
[Source "lmi"]
[SourceDate "2007.10.28"]
[WhiteTeam "Slovenija"]
[BlackTeam "Romania"]
[WhiteTeamCountry "SLO"]
[BlackTeamCountry "ROM"]

1. d4 g6 2. e4 Bg7 3. Bc4 d6 4. Nf3 Nd7 5. Bxf7+ Kf8 6. Bb3 Ndf6 7. Ng5 e6 8.
Qf3 h6 9. Nxe6+ Bxe6 10. Bxe6 Qe8 11. d5 Qa4 12. O-O Qxe4 13. Qb3 Re8 14. Nd2
Qd4 15. Qxb7 Qb6 16. Qxb6 axb6 17. Nf3 Ne4 18. Bd7 Re7 19. Bc6 Ngf6 20. Be3 Ng4
21. Bd4 Ngf6 22. a4 g5 23. b4 Kf7 24. a5 g4 25. Nh4 Nd2 26. Rfd1 Re2 27. Bb5
Nfe4 28. Bxg7 1-0

[Event "European Team-ch 2007 Femenino"]
[Site "Creta GRE"]
[Date "2007.10.31"]
[Round "4.5"]
[White "Paulet, Iozefina"]
[Black "Rozic, Vesna"]
[Result "0-1"]
[WhiteElo "2276"]
[BlackElo "2277"]
[PlyCount "98"]
[EventDate "2007.10.28"]
[EventType "team"]
[EventRounds "9"]
[EventCountry "GRE"]
[Source "lmi"]
[SourceDate "2007.10.28"]
[WhiteTeam "Romania"]
[BlackTeam "Slovenija"]
[WhiteTeamCountry "ROM"]
[BlackTeamCountry "SLO"]

1. e4 e6 2. d4 d5 3. Nd2 c5 4. exd5 Qxd5 5. Ngf3 cxd4 6. Bc4 Qd6 7. O-O Nf6 8.
Nb3 Nc6 9. Nbxd4 Nxd4 10. Nxd4 a6 11. Re1 Qc7 12. Qe2 Bd7 13. Bg5 O-O-O 14.
Rad1 Bb4 15. c3 Bd6 16. h3 h6 17. Be3 e5 18. Nf3 Bc6 19. Nh4 g6 20. b4 Ne4 21.
Qc2 Be7 22. Nf3 f5 23. a4 Rxd1 24. Rxd1 Rd8 25. Bd3 Nf6 26. b5 axb5 27. axb5
Be4 28. Bxe4 Rxd1+ 29. Qxd1 Nxe4 30. b6 Qd6 31. Qa4 Nxc3 32. Qc4+ Qc6 33. Qg8+
Bd8 34. Nxe5 Qd5 35. Qe8 g5 36. Bc5 Ne2+ 37. Kh2 Nf4 38. f3 Ne6 39. Nd3 Nxc5
40. Nxc5 Qxc5 41. Qe6+ Kb8 42. f4 gxf4 43. Qxh6 Bxb6 44. Qh8+ Ka7 45. Qa1+ Qa5
46. Qf1 Qc3 47. Qd1 Qd4 48. Qb1 Kb8 49. Qe1 f3 0-1

[Event "European Team-ch 2007 Femenino"]
[Site "Creta GRE"]
[Date "2007.10.31"]
[Round "4.6"]
[White "Dembo, Yelena"]
[Black "Voiska, Margarita"]
[Result "1/2-1/2"]
[WhiteElo "2448"]
[BlackElo "2294"]
[PlyCount "96"]
[EventDate "2007.10.28"]
[EventType "team"]
[EventRounds "9"]
[EventCountry "GRE"]
[Source "lmi"]
[SourceDate "2007.10.28"]
[WhiteTeam "Greece"]
[BlackTeam "Bulgaria"]
[WhiteTeamCountry "GRE"]
[BlackTeamCountry "BUL"]

1. e4 c5 2. Nf3 Nc6 3. Bb5 Nf6 4. Nc3 Qc7 5. d3 g6 6. O-O Bg7 7. Re1 O-O 8. e5
Ng4 9. Nd5 Qd8 10. Bg5 f6 11. exf6 exf6 12. Bh4 d6 13. h3 Nge5 14. Nxe5 dxe5
15. Bxc6 bxc6 16. Nc3 Rb8 17. Rb1 Qa5 18. Bg3 Be6 19. a3 c4 20. dxc4 Bxc4 21.
Qd7 Rbc8 22. Rbd1 Rfd8 23. Qg4 Bf7 24. Qf3 Bd5 25. Qe2 Rb8 26. Rb1 Rb7 27. Qe3
Rbd7 28. Rbd1 Bf7 29. Qf3 Bd5 30. Qe3 Bf7 31. Qf3 Rxd1 32. Rxd1 Rxd1+ 33. Qxd1
Qc7 34. Kh1 Be6 35. f3 Bf8 36. Bf2 a6 37. Qe2 a5 38. a4 Qb7 39. b3 Be7 40. Ne4
Kf7 41. Qd2 Qc7 42. Be1 f5 43. Ng5+ Bxg5 44. Qxg5 f4 45. Bc3 Bf5 46. Qh4 Ke6
47. Qf2 Qd6 48. Bxa5 Kd5 1/2-1/2